000 00366nam a2200145Ia 4500
005 20251222144856.0
008 251222s9999||||xx |||||||||||||| ||spa||
020 _a968-7529-78-4
082 _a658.402/D14
100 _aDaft, Richard L.
245 0 _aTeoría y Diseño Organizacional
250 _a6a.ed.
264 _bInternational Thmson Editores
942 _cLIB
999 _c21776
_d21776